日本の道路トンネル延長TOP50 - Statistics

General Stats
  • This quiz has been taken 51 times
    21 since last reset
  • The average score is 14 of 50
Answer Stats
順位 総延長 所在地 Answer % Correct
6 8,649 岐阜長野 恵那山トンネル
89%
3 10,712 岐阜 飛驒トンネル
84%
4 9,607 神奈川千葉 東京湾アクアトンネル
79%
1 18,597 東京 山手トンネル
74%
2 11,055 群馬新潟 関越トンネル
74%
40 4,370 岐阜長野 安房トンネル
53%
8 6,910 兵庫 新神戸トンネル
42%
9 6,625 埼玉山梨 雁坂トンネル
42%
11 6,264 熊本宮崎 加久藤トンネル
42%
16 5,578 大阪奈良 阪奈トンネル
42%
26 4,784 山梨 笹子トンネル
42%
5 8,972 山形福島 栗子トンネル
37%
15 5,623 大阪 箕面トンネル
37%
20 4,997 大阪 箕面トンネル
37%
13 5,932 富山 袴腰トンネル
32%
10 6,340 熊本 肥後トンネル
26%
12 6,022 山形 あつみトンネル
26%
17 5,432 高知愛媛 寒風山トンネル
26%
21 4,941 北海道 えりも黄金トンネル
26%
32 4,503 静岡 富士川トンネル
26%
28 4,571 岐阜 タラガトンネル
21%
29 4,563 新潟 子不知トンネル
21%
31 4,518 長野 五里ヶ峯トンネル
21%
36 4,471 群馬長野 八風山トンネル
21%
37 4,467 長野 権兵衛トンネル
21%
38 4,460 北海道 新釧勝トンネル
21%
44 4,313 京都 宇治トンネル
21%
22 4,922 大阪 大和川第3トンネル
21%
7 8,055 兵庫 第二新神戸トンネル
16%
14 5,900 神奈川 横浜北トンネル
16%
18 4,999 山梨静岡 樽峠トンネル
16%
19 4,998 岩手 新区界トンネル
16%
25 4,850 鹿児島 北薩トンネル
16%
27 4,662 静岡 粟ケ岳トンネル
16%
39 4,434 愛知 猿投山トンネル
16%
42 4,345 福島 甲子トンネル
16%
46 4,303 長野 太郎山トンネル
16%
50 4,216 北海道 浜益トンネル
16%
23 4,878 広島島根 大万木トンネル
11%
24 4,877 岐阜 ささゆりトンネル
11%
30 4,525 静岡 三遠トンネル
11%
32 4,503 福島 博士トンネル
11%
34 4,492 岩手 新仙人トンネル
11%
35 4,475 岐阜 猪臥山トンネル
11%
41 4,346 岐阜 小鳥トンネル
11%
43 4,318 北海道 穂別トンネル
11%
45 4,307 高知愛媛 笹ヶ峰トンネル
11%
47 4,265 青森秋田 坂梨トンネル
11%
48 4,243 鹿児島 網野子トンネル
11%
49 4,232 北海道 野塚トンネル
11%
No matching quizzes found
Score Distribution
Percent of People with Each Score
Percentile by Number Answered
Your Score History
You have not taken this quiz since the last reset